Pingulala General Knowledge 7 (Hard) - Statistics

General Stats
  • This quiz has been taken 8 times
  • The average score is 10 of 20
Answer Stats
Hint Answer % Correct
Which European capital city is divided by the Danube River? Budapest
88%
Which island is the largest in the Mediterranean by area? Sicily
88%
Which war was triggered by the assassination of Archduke Franz Ferdinand? World War I
88%
What is the most abundant gas in Earth’s atmosphere? Nitrogen
75%
What is the name of the first antibiotic ever discovered? Penicillin
75%
Which director is known for making Psycho, Rear Window, and Vertigo? Alfred Hitchcock
63%
Which composer is known for his 1812 Overture? Pyotr Ilyich Tchaikovsky
63%
Which Dutch painter is known for The Night Watch? Rembrandt
63%
What is the original language of Don Quixote? Spanish
63%
Which team won the first-ever FIFA Women's World Cup in 1991? United States
63%
Which Shakespearean play features the characters Rosencrantz and Guildenstern? Hamlet
50%
What is the name of the theoretical boundary around a black hole beyond which nothing can escape? The event horizon
50%
In what year was Tetris originally released? 1984
38%
Which silent film actor was known for his slapstick comedy and the iconic "stone face" expression? Buster Keaton
38%
In Breaking Bad, what alias does Walter White use for his drug business? Heisenberg
38%
What is the highest-valued property in Monopoly (classic U.S. edition)? Boardwalk
25%
In the Tour de France, what color jersey is worn by the leader of the mountain classification? Polka dot
25%
What was the name of the hotel in The Shining where Jack Torrance becomes the winter caretaker? The Overlook Hotel
25%
What was the name of the powerful medieval kingdom that existed in present-day Mali, known for its wealth and trade networks? The Mali Empire
13%
What was the name of the primordial sea serpent defeated by the Babylonian god Marduk? Tiamat
0%
No matching quizzes found
Score Distribution
Percent of People with Each Score
Percentile by Number Answered
Your Score History
You have not taken this quiz